History Quiz

Random History or Logo Quiz
Score 0/20 Timer 12:00
3 Plays Today
% Correct
US presidential election of 2016
98.2%
US presidential election of 1996
85.8%
US presidential election of 2000
85.1%
US presidential election of 1960
85.1%
US presidential election of 2020
83.1%
US presidential election of 2008
81.7%
US presidential election of 1992
80.5%
US presidential election of 1952
78.8%
US presidential election of 1984
78%
US presidential election of 1988
77.3%
% Correct
US presidential election of 1976
76.9%
US presidential election of 1972
75.7%
US presidential election of 1980
70.6%
US presidential election of 1964
70.5%
US presidential election of 1948
65%
US presidential election of 1968
63.7%
US presidential election of 1944
58.7%
US presidential election of 1940
58.2%
US presidential election of 1920
47.5%
US presidential election of 1924
45.4%

You're not logged in!

Compare scores with friends on all Sporcle quizzes.
OR
Log In

Sporcle TV

Today on Sporcle TV


Watch our educational content, quiz creation guides, and fun videos on Sporcle TV.

Show Comments

Extras

Top Quizzes Today


Score Distribution

Paid Content

Your Account Isn't Verified!

In order to create a playlist on Sporcle, you need to verify the email address you used during registration. Go to your Sporcle Settings to finish the process.

Report this User

Report this user for behavior that violates our Community Guidelines.

Details: